50 năm truyền thống vẻ vang (2.1947 - 2.1997)

Viết về truyền thống 50 năm hình thành và phát triển của Trường Chính Trị tỉnh Sóc Trăng (1947 - 1997)

Tallennettuna:
Bibliografiset tiedot
Päätekijä: Võ, Minh Quốc
Aineistotyyppi: Kirja
Kieli:Undetermined
Julkaistu: Sóc Trăng Trường Chính Trị 1997
Aiheet:
Tagit: Lisää tagi
Ei tageja, Lisää ensimmäinen tagi!
Thư viện lưu trữ: Trung tâm Học liệu Trường Đại học Cần Thơ
LEADER 00794nam a2200217Ia 4500
001 CTU_29323
008 210402s9999 xx 000 0 und d
082 |a 959.7 
082 |b Qu514 
100 |a Võ, Minh Quốc 
245 0 |a 50 năm truyền thống vẻ vang (2.1947 - 2.1997) 
245 0 |c Võ Minh Quốc chủ biên; Trường Chính trị Tỉnh Sóc Trăng 
260 |a Sóc Trăng 
260 |b Trường Chính Trị 
260 |c 1997 
520 |a Viết về truyền thống 50 năm hình thành và phát triển của Trường Chính Trị tỉnh Sóc Trăng (1947 - 1997) 
650 |a Vietnam 
650 |x history 
650 |y 20th century 
904 |i Minh 
980 |a Trung tâm Học liệu Trường Đại học Cần Thơ